<?xml version="1.0" encoding="utf-8"?>
<?xml-stylesheet type='text/xsl' href='./oai2.xsl'?>
<OAI-PMH xmlns="http://www.openarchives.org/OAI/2.0/" xmlns:xsi="http://www.w3.org/2001/XMLSchema-instance" xsi:schemaLocation="http://www.openarchives.org/OAI/2.0/ http://www.openarchives.org/OAI/2.0/OAI-PMH.xsd">
  <responseDate>2026-06-05T00:38:31Z</responseDate>
  <request verb="GetRecord" metadataPrefix="marcxml" identifier="record_kuniweb_21916">https://kulturerbe.niedersachsen.de/oai</request>
  <GetRecord>
    <record>
      <header>
        <identifier>record_kuniweb_21916</identifier>
        <datestamp>2015-06-19T12:07:43Z</datestamp>
        <setSpec>slg0103</setSpec>
      </header>
      <metadata>
        <marc:record xmlns:marc="http://www.loc.gov/MARC21/slim" xsi:schemaLocation="http://www.loc.gov/MARC21/slim http://www.loc.gov/standards/marcxml/schema/MARC21slim.xsd">
          <marc:leader>12345nem  22     uu 4500</marc:leader>
          <marc:controlfield tag="001">21916</marc:controlfield>
          <marc:controlfield tag="003">http://kuniweb.gbv.de</marc:controlfield>
          <marc:controlfield tag="005">2015-04-13T18:38:28</marc:controlfield>
          <marc:controlfield tag="008">|           ||||||||||||||||||||||</marc:controlfield>
          <marc:datafield tag="245" ind1="1" ind2="0">
            <marc:subfield code="a">Der Harz</marc:subfield>
          </marc:datafield>
          <marc:datafield tag="700" ind1="1" ind2=" ">
            <marc:subfield code="a">von Gotthard</marc:subfield>
            <marc:subfield code="d">* 1830 † 1867</marc:subfield>
            <marc:subfield code="e">Zeichner</marc:subfield>
          </marc:datafield>
          <marc:datafield tag="710" ind1="2" ind2=" ">
            <marc:subfield code="a">Bibliographisches Institut &lt;Hildburghausen&gt;</marc:subfield>
            <marc:subfield code="b">1828 - 1874</marc:subfield>
            <marc:subfield code="e">Hersteller</marc:subfield>
          </marc:datafield>
          <marc:datafield tag="655" ind1=" " ind2="7">
            <marc:subfield code="a">Karten</marc:subfield>
          </marc:datafield>
          <marc:datafield tag="046" ind1=" " ind2=" ">
            <marc:subfield code="k">1852</marc:subfield>
            <marc:subfield code="k">Zeichnung entstand 1852</marc:subfield>
          </marc:datafield>
          <marc:datafield tag="260" ind1=" " ind2=" ">
            <marc:subfield code="g">1852</marc:subfield>
            <marc:subfield code="g">Zeichnung entstand 1852</marc:subfield>
          </marc:datafield>
          <marc:datafield tag="300" ind1=" " ind2=" ">
            <marc:subfield code="a">Höhe: 28,5 cm
Breite: 37 cm</marc:subfield>
          </marc:datafield>
          <marc:datafield tag="520" ind1=" " ind2=" ">
            <marc:subfield code="a">Maßstäbe (in cm): 2 geographische Meilen = 6,4
Ausrichtung: Norden
Rückseite: leer

Anmerkungen: 
Unter der Karte findet sich ein mehrschichtiges Höhenprofil des Harzes von Dorste bis Mansfeld mit Höhenangaben in Pariser Fuß über Nordseespiegel und Ortslagen. Der Brocken wird mit 3.508 (Pariser) Fuß (= 1.139,54 m) Höhe angegeben. – Die Karte enthält Umgebungspläne von Wernigerode, Ilsenburg, Blankenburg, Elbingerode, Goslar, Zellerfeld und Clausthal sowie Pläne dss Brockengebiets und eines Abschnitts des Selketals.


Literatur in Zusammenhang:
H. Arnhold, „Das Geographische Institut zu Weimar : Wissenschaft und Industrie. Tradition und Gegenwart. Weimarer Schriften ; 11“. Ständige Komm. Kultur der Stadtverordnetenversammlung [u.a.], Weimar, 1984. (S. 88)

Literatur in Zusammenhang:
J. Espenhorst, „Andree, Stieler, Meyer &amp;amp; Co / bibliographisches Handbuch; [Bibliogaphie der Handatlanten] ; Nachtr.“. Pangaea-Verl., Schwerte, 1995. (S. 183)

Literatur in Zusammenhang:
H. Sarkowski, „Das Bibliographische Institut : Verlagsgeschichte und Bibliographie ; 1826 - 1976“. Bibliogr. Inst., Mannheim [u.a.], 1976. (S. 214)

Literatur in Zusammenhang:
W. Behrmann, „135 Jahre Kartographie im Bibliographischen Institut. 135 Jahre Karthographie im Bibliographischen Institut : 1828 - 1963“. Bibliograph. Institut, Mannheim, 1963. ((S. 9 bis 94), S. 28 f.; S. 105)

Veröffentlicht in:
J. Meyer und Meyer, J., „Meyer's Kriegs- u. -Friedens- oder grosser Zeitungsatlas : In 148 Karten von allen Staaten der Erde nach den neuesten politischen Abgrenzungen.“. Geograph.Anstalt d. Bibliograph.Inst., Hildburghausen, 1860. (als 110. Lieferung)</marc:subfield>
          </marc:datafield>
          <marc:datafield tag="650" ind1="1" ind2=" ">
            <marc:subfield code="a">Landkarte</marc:subfield>
          </marc:datafield>
          <marc:datafield tag="773" ind1="0" ind2=" ">
            <marc:subfield code="t">Sammlung Körber-Einbeck</marc:subfield>
          </marc:datafield>
          <marc:datafield tag="852" ind1=" " ind2=" ">
            <marc:subfield code="a">Institut für Historische Landesforschung der Universität Göttingen</marc:subfield>
          </marc:datafield>
          <marc:datafield tag="" ind1=" " ind2=" ">
            <marc:subfield code="a">Namensnennung-Nicht kommerziell 4.0 International (CC BY-NC 4.0))</marc:subfield>
          </marc:datafield>
        </marc:record>
      </metadata>
    </record>
  </GetRecord>
</OAI-PMH>
